<?xml version="1.0" encoding="UTF-8"?><record xmlns="http://www.loc.gov/MARC21/slim" xmlns:zs="http://docs.oasis-open.org/ns/search-ws/sruResponse">
  <leader>00320cz  a2200121n  4500</leader>
  <controlfield tag="001">n 2004093344</controlfield>
  <controlfield tag="003">DLC</controlfield>
  <controlfield tag="005">20040205131647.0</controlfield>
  <controlfield tag="008">040205n| acannaabn          |n aac      </controlfield>
  <datafield ind1=" " ind2=" " tag="010">
    <subfield code="a">n 2004093344</subfield>
  </datafield>
  <datafield ind1=" " ind2=" " tag="040">
    <subfield code="a">DLC</subfield>
    <subfield code="c">DLC</subfield>
  </datafield>
  <datafield ind1="1" ind2=" " tag="100">
    <subfield code="a">Kaskel, Walter,</subfield>
    <subfield code="d">1882-1929</subfield>
  </datafield>
  <datafield ind1=" " ind2=" " tag="670">
    <subfield code="a">Kaskel, Walter. Arbeitsrecht, 1932:</subfield>
    <subfield code="b">t.p. (Walter Kaskel)</subfield>
  </datafield>
</record>
